Trees in the urban landscape (Record no. 103399)

MARC details
000 -LEADER
fixed length control field 01324cam a2200277 4500
008 - FIXED-LENGTH DATA ELEMENTS--GENERAL INFORMATION
fixed length control field 040318n2004 000 0 eng u
020 ## - INTERNATIONAL STANDARD BOOK NUMBER
International Standard Book Number 0471392464
035 ## - SYSTEM CONTROL NUMBER
System control number (Sirsi) u125472
041 ## - LANGUAGE CODE
Language code of text/sound track or separate title eng
050 ## - LIBRARY OF CONGRESS CALL NUMBER
Classification number 715.2
-- 22
100 ## - MAIN ENTRY--PERSONAL NAME
Personal name Trowbridge, Peter
245 ## - TITLE STATEMENT
Title Trees in the urban landscape
Remainder of title site assessment design and installation
260 ## - PUBLICATION, DISTRIBUTION, ETC.
Place of publication, distribution, etc. Hoboken New Jersey
Name of publisher, distributor, etc. Wiley
Date of publication, distribution, etc. 2004
300 ## - PHYSICAL DESCRIPTION
Extent xiv, 207p.
Other physical details ill.
Dimensions 26cm.
350 ## - PRICE (NR) (BK AM CF MU VM SE) [OBSOLETE]
Price 29.37
520 ## - SUMMARY, ETC.
Summary, etc. Sets out the key tools for successful tree planting in urban landscapes. Provides guidance on: identifying limitations and opportunities of landscape; site assessment, soil remediation and plant selection; installing and maintaining urban plants; soil texture, compaction, PH and nutrients; spatial limitations, drainage and existing vegetation; and designing for biological diversity and visual similarity. Includes technical specifications, case studies and illustrations. Essential reading for those involved in landscape architecture, urban planning, urban design and aboriculture.
650 ## - SUBJECT ADDED ENTRY--TOPICAL TERM
Topical term or geographic name entry element LANDSCAPING
650 ## - SUBJECT ADDED ENTRY--TOPICAL TERM
Topical term or geographic name entry element URBAN TREES
650 ## - SUBJECT ADDED ENTRY--TOPICAL TERM
Topical term or geographic name entry element TREE MAINTENANCE
650 ## - SUBJECT ADDED ENTRY--TOPICAL TERM
Topical term or geographic name entry element URBAN PLANNING
650 ## - SUBJECT ADDED ENTRY--TOPICAL TERM
Topical term or geographic name entry element TREE PLANTING
650 ## - SUBJECT ADDED ENTRY--TOPICAL TERM
Topical term or geographic name entry element ABORICULTURE
690 ## - LOCAL SUBJECT ADDED ENTRY--TOPICAL TERM (OCLC, RLIN)
Topical term or geographic name as entry element ENVIRONMENTAL AND LAND CONSULTANCY
700 ## - ADDED ENTRY--PERSONAL NAME
Personal name Bassuk, Nina
942 ## - ADDED ENTRY ELEMENTS (KOHA)
Suppress in OPAC 0
Holdings
Withdrawn status Lost status Source of classification or shelving scheme Damaged status Not for loan Home library Current library Shelving location Date acquired Cost, normal purchase price Total Checkouts Full call number Barcode Date last seen Copy number Cost, replacement price Price effective from Koha item type
    Dewey Decimal Classification     London London Books 21/04/2004 29.37   715.2 TRO 30069205 06/08/2019 1 29.37 06/08/2019 Book